| 000 | 00524nam a2200181Ia 4500 | ||
|---|---|---|---|
| 008 | 240925s9999 xx 000 0 und d | ||
| 020 | _a582231140 | ||
| 082 | _a621.402 EAS | ||
| 100 | _aEastop , T.D ; Mc Conkey, A. | ||
| 245 | 0 | _aApplied Thermodynamics: for engineering technologists S.I units | |
| 250 | _a5th | ||
| 260 |
_aCalifornia: _bNational semiconductor _c,1978. |
||
| 300 |
_axxxiii,892p. _bNA _fOriginal |
||
| 500 | _aIncludes Index | ||
| 600 | _aEngineering Technology | ||
| 650 | _aTechnology | ||
| 942 | _cBK | ||
| 999 |
_c3899 _d3899 |
||